| 000 | 00306nam a22001217a 4500 | ||
|---|---|---|---|
| 082 |
_a940.4 _bFUL |
||
| 100 |
_aFuller,J.F.C. _937121 |
||
| 245 |
_aThe First of the League Wars _bJ.F.C.Fuller, |
||
| 300 | _axi, 319, : | ||
| 526 |
_a0 _b0 _c0 _d940_400000000000000_FUL |
||
| 650 |
_aMCE _9379 |
||
| 942 |
_2ddc _cBK |
||
| 999 |
_c552166 _d552166 |
||